书目信息 |
| 题名: |
自修大学
|
|
| 作者: | ;自修大学编辑部 编 | |
| 分册: | 1984年第1期,总第7期 | |
| 出版信息: | 北京 光明日报出版社 1985.02 |
|
| 页数: | 1册 | |
| 开本: | 26cm | |
| 丛书名: | ||
| 单 册: | ||
| 中图分类: | C42 | |
| 科图分类: | ||
| 主题词: | 社会科学--教学法 , 社会科学--教学参考资料 | |
| 电子资源: | ||
| ISBN: | ||
| 000 | 00830nam0 2200241 45 | |
| 001 | 0506141071 | |
| 005 | 20050614165024.4 | |
| 010 | @dCNY4.40 | |
| 091 | @a7263.010 | |
| 100 | @a20050614d1985 km y0chiy0120 ea | |
| 101 | 0 | @achi |
| 105 | @a z 000yy | |
| 200 | 1 | @a自修大学@AZi Xiu Da Xue@e文史哲经专业@EWen Shi Zhe Jing Zhuan Ye@E1984Nian 1-6 Qi He Ding Ben@e1984年1-6期合订本@h1984年第1期,总第7期@f自修大学编辑部编@FZi Xiu Da Xue Bian Ji Bu Bian |
| 210 | @a北京@c光明日报出版社@d1985.02 | |
| 215 | @a1册@d26cm | |
| 517 | @a文史哲经专业@AWen Shi Zhe Jing Zhuan Ye | |
| 517 | @a1984年1-6期合订本@A1984 Nian 1-6 Qi He Ding Ben | |
| 606 | 0 | @a社会科学@x教学法 |
| 606 | 0 | @a社会科学@x教学参考资料 |
| 690 | @aC42@v3 | |
| 711 | 02 | @a自修大学编辑部@4编 |
| 801 | @aCN@bPftUser@c20050614 | |
| 905 | @f1@b139796@dC42@e27:(1-6) | |
| 自修大学:文史哲经专业:1984年1-6期合订本.1984年第1期,总第7期/自修大学编辑部编.-北京:光明日报出版社,1985.02 |
| 1册;26cm |
| ISBN :CNY4.40 |
| ● |
| 相关链接 |
|
|
|
|
正题名:自修大学
索取号:C42/27:(1-6)
 
预约/预借
| 序号 | 登录号 | 条形码 | 馆藏地/架位号 | 状态 | 备注 |
| 1 | 0139796 | 202109645 | 第一样本阅览室/ [索取号:C42/27:(1-6)] | 在馆 |